00470nam a2200157Ia 4500008004100000020001400041082001600055100002300071245004900094250000800143260004100151300003000192500001900222600002100241650005000262240925s9999 xx 000 0 und d a81.265028 a005.265 GAL aGalitz, Wilbert O. 4aThe Essential Guide to User Interface Design a2nd aNew York:bJohn Wiley & Sonsc,2002. axviii,508p.bNAfOriginal aIncludes Index aComputer Science aComputer science, information & general works